• 首页
  • 本馆介绍
  • 公告通知
  • 最新文献
  • 馆藏检索
  • 电子资源
  • 读者导购
  • 参考咨询
  • 我的图书馆
  • 登录
  • 详细信息显示
  • 放入我的书架
  • 预约/预借图书
  • 作者相关作品
  • 分类相关作品
  • 丛书相关作品
  • 出版社相关作品

书目信息

  • 表格格式
  • 工作单格式
  • 卡片格式
题名:
优选法与刀具
    
 
作者: ;北京市技术交流站优选法小组 编著
分册:  
出版信息: 北京   科学出版社  1978
页数: 192页
开本: 19cm
丛书名:
单 册:
中图分类: TG506.8
科图分类:
主题词: 刀具(金属切削)-优选法-应用 , 金属切削 , 优选法-应用-刀具(金属切削) , 金属加工--机具 , 机床
电子资源:
ISBN:
000 00781nam0 2200265 45
001 0178002202
005 20060801101706.20
010    @dCNY0.50
091    @a15031.202
100    @a19950731d1978 em y0chiy0121 ea
101 0  @achi
102    @aCN@b110000
105    @ay z 000yy
200 10 @a优选法与刀具@Ayou xuan fa yu dao ju@f北京市技术交流站优选法小组编著
210    @a北京@c科学出版社@d1978
215    @a192页@d19cm
606    @a刀具(金属切削)-优选法-应用
606 0  @a金属切削
606    @a优选法-应用-刀具(金属切削)
606 0  @a金属加工@x机具
606 0  @a机床
690    @aTG506.8
711 02 @a北京市技术交流站优选法小组@Abei jing shi ji shu jiao liu zhan you xuan fa xiao zu@4编著
801  0 @aCN@bNLC@c20060801
905    @f1@b4375@f1@b4376@dTG506.8@e30
    
    优选法与刀具/北京市技术交流站优选法小组编著.-北京:科学出版社,1978
    192页;19cm
    
    
    ISBN :CNY0.50
    
●
相关链接 在E读中查询图书 在五车中查询图书 在当当中查询图书 在豆瓣中查询图书


正题名:优选法与刀具     索取号:TG506.8/30         预约/预借

序号 登录号 条形码 馆藏地/架位号 状态 备注
1 0004375   001362750   第三借阅区/ [索取号:TG506.8/30] 在馆    
2 0004376   001362796   第三借阅区/ [索取号:TG506.8/30] 在馆    
3 0439049   204390499   密集书库/ [索取号:TG506.8/30] 在馆    
4 0439060   204390603   密集书库/ [索取号:TG506.8/30] 在馆    
5 0439061   204390612   密集书库/ [索取号:TG506.8/30] 在馆    
欢迎您!
大连网信软件有限公司© 版权所有